00974nam a2200205 a 4500001001000000003000500010005001700015008004100032010001100073011001100084040000900095100003800104245023700142260007000379500006000449502009600509650005100605650004200656856007000698000115673CHAP20220329144544.0190620s2018 mx a |sm |||||||spa d a112134 a113106 cCHAP1 aGarcía Consuegra, Aleyda Paola.10aAcción colectiva para la gestión política del desarrollo productivo desde la casa del pueblo, Municipio de Venustiano Carranza, Chiapas México, durante el periodo 1990-2017h[En línea]cpor Aleyda Paola García Consuegra. aSan Cristóbal de las Casas, Chiapas, Méx. :bEl autor,c2018. aPara ver el contenido del material haga clic en la liga aTesis (M.C. en Desarrolllo Rural Regional) -- UACH. Dirección General de Control Regional14aComunidades ruralesxVida social y costumbres.14aOrganización de la comunidad rural. aFinding aiduhttp://10.13.5.2/tesis/sist115673.pdfzTeclea aquí